| 000 | 00831nac a22002051u 4500 | ||
|---|---|---|---|
| 010 | _a 91030019 | ||
| 020 | _a0023818956 | ||
| 082 | 0 | 0 |
_a658.4012 _bMOC |
| 090 |
_c9455 _d9455 |
||
| 100 | _aMockler, Robert J. | ||
| 245 | 1 | 0 |
_aComputer software to support strategic management decision making / _cRobert J. Mockler. |
| 260 |
_aNew York : _bMacmillan Pub. Co. ; _aToronto : _bMaxwell Macmillan Canada ; _aNew York : _bMaxwell Macmillan International,1992 _c1992. |
||
| 300 |
_axii, 175 p. : _bill. ; _c24 cm. |
||
| 500 | _adistributer: Al-Ahram | ||
| 504 | _aIncludes bibliographical references. | ||
| 511 | _acatalogued by: wessam | ||
| 650 | 0 |
_aStrategic planning _xComputer programs _xEvaluation. |
|
| 650 | 0 |
_aDecision making _xComputer programs _xEvaluation. |
|
| 942 |
_cBB _k658.4012MOC |
||
| 999 |
_c9455 _d9455 |
||